MEDIA AND PUBLIC RELATIONS (Record no. 13122)

MARC details
000 -LEADER
fixed length control field 00341nam a22001457a 4500
003 - CONTROL NUMBER IDENTIFIER
control field SGT
020 ## - INTERNATIONAL STANDARD BOOK NUMBER
International Standard Book Number 9788131300640
082 ## - DEWEY DECIMAL CLASSIFICATION NUMBER
Classification number 659.2
Item number M07S
100 ## - MAIN ENTRY--PERSONAL NAME
Personal name SINGH, JK
245 ## - TITLE STATEMENT
Title MEDIA AND PUBLIC RELATIONS
260 ## - PUBLICATION, DISTRIBUTION, ETC. (IMPRINT)
Place of publication, distribution, etc NEW DELHI
Name of publisher, distributor, etc A.P.H. Publishing Corporation
Year of Publication 2007
300 ## - PAGE DESCRIPTION
No. of Pages 261
650 ## - SUBJECT ADDED ENTRY--TOPICAL TERM
Topical term or geographic name as entry element MASS COMMUNICATION
942 ## - ADDED ENTRY ELEMENTS (KOHA)
Source of classification or shelving scheme Dewey Decimal Classification
Koha item type Books
Holdings
Withdrawn status Lost status Source of classification or shelving scheme Damaged status Not for loan Collection code Home library Current library Shelving location Date acquired Vendor Name Cost, normal purchase price SGTU Bill Number Total Checkouts Full call number Accession No. (Barcode) Date last seen Bill Date Koha item type
    Dewey Decimal Classification     MASS COMMUNICATION SGT Science & Social Sciences Library SGT Science & Social Sciences Library Text Book 26/08/2017 INDIAN PUBLISHER NEW DELHI 695.00 SGTU 10   659.2 M07S MC407 26/08/2017 29/04/2017 Books
    Dewey Decimal Classification     MASS COMMUNICATION SGT Science & Social Sciences Library SGT Science & Social Sciences Library Text Book 26/08/2017 INDIAN PUBLISHER NEW DELHI 695.00 SGTU 10   659.2 M07S MC408 26/08/2017 29/04/2017 Books
    Dewey Decimal Classification     MASS COMMUNICATION SGT Science & Social Sciences Library SGT Science & Social Sciences Library Text Book 26/08/2017 INDIAN PUBLISHER NEW DELHI 695.00 SGTU 10   659.2 M07S MC409 26/08/2017 29/04/2017 Books